000 00760cam a22002413a 4500
001 7262
003 PGUSA
005 20140828083142.0
008 050101s2005||||xxu|||||s|||||000 | eng d
040 _aPGUSA
_beng
042 _adc
050 4 _aTX
100 1 _aBradley, Richard,
_d1688-1732
245 1 4 _aThe Country Housewife and Lady's Director in the Management of a House, and the Delights and Profits of a Farm
_h[electronic resource] /
_cRichard Bradley
260 _bProject Gutenberg,
_c2005
506 _aPublic domain in the USA.
516 _aElectronic text
653 _aCooking -- Early works to 1800
653 _aCooking, English
830 0 _aProject Gutenberg
_v7262
856 4 0 _uhttp://www.gutenberg.org/ebooks/7262
942 _cEB
999 _c236582
_d236582